| 000 | 01331nam a2200385 i 4500 | ||
|---|---|---|---|
| 001 | 20748 | ||
| 003 | KOSZ 005 | ||
| 005 | 20221214110026.0 | ||
| 008 | 991116s1982 pl a |000 0 pol | ||
| 015 | _aPB 1982/6206 | ||
| 020 | _a8320201705 | ||
| 040 |
_aWA N _cWA N _dKOSZ 005/HR |
||
| 041 | 0 | _apol | |
| 046 | _k1982 | ||
| 080 | _a658.1/.5 | ||
| 080 | _a005.2 | ||
| 100 | 1 |
_aMartyniak, Zbigniew _d(1936-2002) _eAutor |
|
| 245 | 1 | 0 |
_aMetodologiczne podstawy doskonalenia organizacji przedsiębiorstwa / _cZbigniew Martyniak. |
| 260 |
_aWarszawa : _bInstytut Wydawniczy Związków Zawodowych, _c1982. |
||
| 300 |
_a142, [2] s. : _bil. tab. 5 wykr ; _c16 cm. |
||
| 336 |
_2rdacontent _aTekst _btxt |
||
| 337 |
_2rdamedia _aBez urządzenia pośredniczącego _bn |
||
| 338 |
_2rdacarrier _aWolumin _bnc |
||
| 380 | _aKsiążki | ||
| 388 | _a1901-2000 | ||
| 388 | _a1945-1989 | ||
| 490 | 1 | _aDoskonalenie Organizacji Przedsiębiorstwa Przemysłowego. | |
| 504 | _aBibliogr. s. 142-[143]. | ||
| 650 | 4 | _aOrganizacja | |
| 650 | 4 | _aPrzedsiębiorstwo | |
| 658 | _aZarządzanie i marketing | ||
| 830 | 0 | _aDoskonalenie Organizacji Przedsiębiorstwa Przemysłowego | |
| 856 |
_uhttp://koha.tu.koszalin.pl/cgi-bin/koha/opac-detail.pl?biblionumber=20748 _yKatalog online BPK |
||
| 942 |
_2UKD _cKS |
||
| 999 |
_c20748 _d20748 |
||